000 02554nam a2200469 c 4500
700 1 _aАрнаудов, Михаил Петров
_933558
999 _c184040
_d184040
003 BLK
005 20240313005508.0
008 180411b bul|||||r ||||||| ||bul||
010 _aKNG00192992000
040 _aBLK
041 _aBUL
_cBUL
072 7 _2bullib
_aА
_xФонд Михаил Арнаудов
072 7 _2bullib
_aЯ
_xАвтографи
080 _aИстория на България
_b94(497.2)
_z94(497.2)
080 _aКраезнание
_b908
_x(497.213)
_z908(497.213)
100 1 _aЙоцов, Димитър Ангелов
_eпърви автор
_9380536
139 _aЙоцов, Димитър Ангелов
_bИ 85
245 1 0 _aКултурно-политическа история на Враца
_bТ. 1 - 2
_cДимитър Ангелов Йоцов; предг. от Михаил Петров Арнаудов.
_nТ. 1
_pОт Римската епоха до Освобождението
257 _aBGR
260 _bИзд. авт.
_c1937 -
_fВраца : Влад. Пършоров
300 _c20 см
380 _a9
490 _9396381
_aЧастна колекция - Академик Михаил Арнаудов
_gДарение - Основен фонд
500 _aНа загл. с. Културно-политическа история на Вратца
500 _aАвтограф с текст:
650 4 _aИстория - Враца
_9265849
651 4 _aВраца
_9178722
653 _aкраезнание
653 _aградове
659 _aА
659 _aЯ
760 1 _aЙоцов, Димитър Ангелов
_d1937
_hХVI, 392 с. : с ил., 1 л. портр.
_nМека подв., неразрязана. - Писмо на М. Арнаудов до Надежда Драгова - мнение за книгата й за Паисий - с. ХV ; Статия за стогодишнината на Димитраки Хаджи Тошев: в. Читалишно дело, 30 май 1927, № 4 - с. 131 ; Автограф с текст A Mon Vieil Ami M. le Prof. Arnaoudoff Hommage ef Souvenir de l'Auteur Д. Йоцов Sofia le 1.V.1937
_tТ. 1 От Римската епоха до Освобождението
852 _aМА 16
856 4 _qpdf
856 4 _qpdf
942 _cKNG
_n0
_s1
944 _aCR
_c13.10.2016
_k
_lCRON CRON
944 _aED
_c13.10.2016
_kГеновева_Генчева
999 _d184040
999 _d184040